LIBRARY ONLINE CATALOGUE

Introduction to the legal system in East Africa / (Record no. 10993)

MARC details
000 -LEADER
fixed length control field 01766nam a22004092 4500
001 - CONTROL NUMBER
control field 0000009126
005 - DATE AND TIME OF LATEST TRANSACTION
control field 20151217154408.0
008 - FIXED-LENGTH DATA ELEMENTS--GENERAL INFORMATION
fixed length control field 080904s xx 000 0 eng d
020 ## - INTERNATIONAL STANDARD BOOK NUMBER
Terms of availability KES 2090
040 ## - CATALOGING SOURCE
Original cataloging agency KABU
Transcribing agency KABU
100 1# - MAIN ENTRY--PERSONAL NAME
Personal name Harvey, William Burnett.
-- 0000160337
245 10 - TITLE STATEMENT
Title Introduction to the legal system in East Africa /
Statement of responsibility, etc. William Burnett Harvey.
260 ## - PUBLICATION, DISTRIBUTION, ETC. (IMPRINT)
Place of publication, distribution, etc. Nairobi :
Name of publisher, distributor, etc. K. L. B.,
Date of publication, distribution, etc. 1975.
300 ## - PHYSICAL DESCRIPTION
Extent xxxiii, 902 p.
650 #0 - SUBJECT ADDED ENTRY--TOPICAL TERM
Topical term or geographic name as entry element Law
Geographic subdivision Africa, East.
-- 0000160338
650 #0 - SUBJECT ADDED ENTRY--TOPICAL TERM
Topical term or geographic name as entry element Law
General subdivision Cases
Geographic subdivision Africa, East.
-- 0000160339
852 1# - LOCATION
-- p5500 KES
852 1# - LOCATION
-- p5500 KES
852 1# - LOCATION
-- p5500 KES
852 1# - LOCATION
-- p5500 KES
852 1# - LOCATION
-- p2440 KSH
852 1# - LOCATION
-- p5500 KES
852 1# - LOCATION
-- p5500 KES
852 1# - LOCATION
-- p5500 KES
852 1# - LOCATION
-- p2440 KSH
852 1# - LOCATION
-- p5500 KES
852 1# - LOCATION
-- p5500 KES
852 1# - LOCATION
-- p5500 KES
852 1# - LOCATION
-- p5500 KES
852 1# - LOCATION
-- p5500 KES
852 1# - LOCATION
-- p5500 KES
852 1# - LOCATION
-- p5500 KES
908 ## - PUT COMMAND PARAMETER (RLIN)
Put command parameter 080904
950 ## - LOCAL HOLDINGS (RLIN)
-- 1
Holdings
Withdrawn status Lost status Source of classification or shelving scheme Not for loan Home library Current library Date acquired Total Checkouts Full call number Barcode Date last seen Date last checked out Price effective from Koha item type Total Renewals
    Library of Congress Classification   Kabarak, Main Campus Kabarak, Main Campus 17/12/2015 7 KQC117 .H37 c. 24 018858 10/02/2025 23/01/2025 17/12/2015 General Collection  
    Library of Congress Classification   Kabarak, Main Campus Kabarak, Main Campus 17/12/2015 5 KQC117 .H37 c. 15 018854 07/04/2025 19/03/2025 17/12/2015 General Collection  
    Library of Congress Classification   Kabarak, Main Campus Kabarak, Main Campus 17/12/2015 6 KQC117 .H37 c. 6 018863 03/03/2025 23/01/2025 17/12/2015 General Collection  
    Library of Congress Classification   Kabarak, Main Campus Kabarak, Main Campus 17/12/2015 2 KQC117 .H37 c. 20 018862 26/02/2025 26/01/2025 17/12/2015 General Collection 1
    Library of Congress Classification   Kabarak, Main Campus Kabarak, Main Campus 17/12/2015 1 KQC117 .H37 c. 2 009143 25/02/2025 29/01/2025 17/12/2015 General Collection 1
    Library of Congress Classification   Kabarak, Main Campus Kabarak, Main Campus 17/12/2015 3 KQC117 .H37 c. 4 18356 06/02/2025 23/01/2025 17/12/2015 General Collection  
    Library of Congress Classification   Kabarak, Main Campus Kabarak, Main Campus 17/12/2015 6 KQC117 .H37 c. 18 018870 06/03/2025 18/02/2025 17/12/2015 General Collection  
    Library of Congress Classification   Kabarak, Main Campus Kabarak, Main Campus 17/12/2015 7 KQC117 .H37 c. 7 018859 20/02/2025 05/02/2025 17/12/2015 General Collection  
    Library of Congress Classification   Kabarak, Main Campus Kabarak, Main Campus 17/12/2015 6 KQC117 .H37 c. 10 018852 15/03/2025 27/02/2025 17/12/2015 General Collection 1
    Library of Congress Classification   Kabarak, Main Campus Kabarak, Main Campus 17/12/2015 2 KQC117 .H37 c. 5 18357 25/03/2025 05/03/2025 17/12/2015 General Collection  
    Library of Congress Classification   Kabarak, Main Campus Kabarak, Main Campus 17/12/2015 10 KQC117 .H37 c. 16 018868 31/01/2026 16/01/2026 17/12/2015 General Collection  
    Library of Congress Classification   Kabarak, Main Campus Kabarak, Main Campus 17/12/2015 10 KQC117 .H37 c. 13 018856 05/04/2025 22/01/2025 17/12/2015 General Collection 3
    Library of Congress Classification   Kabarak, Main Campus Kabarak, Main Campus 17/12/2015 11 KQC117 .H37 c. 9 018867 04/04/2025 19/03/2025 17/12/2015 General Collection  
    Library of Congress Classification   Kabarak, Main Campus Kabarak, Main Campus 17/12/2015 8 KQC117 .H37 c. 22 018860 04/04/2025 23/01/2025 17/12/2015 General Collection 1
    Library of Congress Classification   Kabarak, Main Campus Kabarak, Main Campus 17/12/2015 7 KQC117 .H37 c. 8 018871 05/04/2025 24/03/2025 17/12/2015 General Collection 2
    Library of Congress Classification   Kabarak, Main Campus Kabarak, Main Campus 17/12/2015 7 KQC117 .H37 c. 23 018865 06/02/2025 23/01/2025 17/12/2015 General Collection  
    Library of Congress Classification   Kabarak, Main Campus Kabarak, Main Campus 17/12/2015 2 KQC117 .H37 c. 3 009144 14/02/2025 31/01/2025 17/12/2015 General Collection  
    Library of Congress Classification   Kabarak, Main Campus Kabarak, Main Campus 17/12/2015 5 KQC117 .H37 c. 12 018857 20/02/2025 23/01/2025 17/12/2015 General Collection 1